[Event "Dyfed Major"]
[Site "Fishguard"]
[Date "2017.12.02"]
[Round "1"]
[White "Scott, Paul"]
[Black "Osinga, Awne"]
[Result "1-0"]
[WhiteElo "1553"]
[BlackElo "1386"]
[PlyCount "89"]
[EventDate "2017.02.24"]
[EventCountry "WLS"]

1. e4 e5 2. Nc3 Nf6 3. Bc4 Be7 4. d3 O-O 5. Nge2 d6 6. O-O a6 7. a4 Nc6 8. f4
Bg4 9. h3 Bd7 10. Ng3 Nd4 11. Nce2 Qc8 12. Nxd4 exd4 13. Qf3 Be6 14. b3 Bxc4
15. bxc4 c6 16. Nf5 Qd7 17. Qg3 g6 18. Nxd4 Nh5 19. Qf3 c5 20. Ne2 Bf6 21. c3
Kh8 22. Be3 b6 23. d4 Qe6 24. e5 Be7 25. g4 Ng7 26. f5 gxf5 27. gxf5 Nxf5 28.
Qxf5 Rg8+ 29. Kh2 Qxc4 30. Qf3 Qe6 31. Rg1 dxe5 32. Rxg8+ Rxg8 33. d5 Qd6 34.
Qe4 f5 35. Qxf5 Rf8 36. Qe4 Qf6 37. Ng3 Bd6 38. Rf1 Qe7 39. Rxf8+ Qxf8 40. c4
a5 41. Nf5 Bc7 42. Bh6 Qe8 43. d6 Bxd6 44. Nxd6 Qe6 45. Qd5 1-0

[Event "Dyfed Major"]
[Site "Fishguard"]
[Date "2017.02.24"]
[Round "1"]
[White "Farhaili, Mohammed"]
[Black "Neave, Guto"]
[Result "0-1"]
[WhiteElo "1275"]
[BlackElo "1515"]
[PlyCount "58"]
[EventDate "2017.02.24"]
[EventCountry "WLS"]

1. d4 d5 2. c4 Nf6 3. Nc3 e6 4. Bg5 Be7 5. Nf3 c5 6. e3 Nc6 7. cxd5 Nxd5 8.
Bxe7 Qxe7 9. Nxd5 exd5 10. Bb5 c4 11. Ne5 Qb4+ 12. Qd2 Qxb5 13. Nxc6 Qxc6 14.
O-O Bf5 15. Rac1 O-O 16. b3 b5 17. Rfe1 Rac8 18. Rc3 Qd6 19. f3 Rfe8 20. e4
dxe4 21. Rce3 Qc6 22. Qe2 c3 23. Qc2 exf3 24. Qxf5 Rxe3 25. Rc1 c2 26. d5 Qc5
27. Kf1 fxg2+ 28. Kxg2 Re2+ 29. Kf1 Rd2 0-1

[Event "Dyfed Major"]
[Site "Fishguard"]
[Date "2017.02.24"]
[Round "1"]
[White "Taylor, Paul"]
[Black "Jones, Hefin"]
[Result "0-1"]
[WhiteElo "1511"]
[BlackElo "1269"]
[PlyCount "68"]
[EventDate "2017.02.24"]
[EventCountry "WLS"]

1. e4 Nc6 2. Nc3 e5 3. Bc4 Nd4 4. Qh5 Qf6 5. Bb3 c6 6. d3 Bc5 7. Nh3 g6 8. Qg5
d6 9. Qxf6 Nxf6 10. Ng5 Nxb3 11. axb3 Bg4 12. h3 Bd7 13. Nf3 b5 14. Bh6 Nh5 15.
Ne2 Rg8 16. Nh2 g5 17. h4 gxh4 18. Rg1 O-O-O 19. Be3 Bxe3 20. fxe3 Kb7 21. Kd2
Rdf8 22. Ra5 f5 23. Rga1 Ra8 24. exf5 Rxg2 25. Nf3 Ng3 26. Re1 h3 27. f6 h2 28.
Nxh2 Rxh2 29. Kd1 Bg4 30. Kd2 Nxe2 31. Raa1 Nd4+ 32. Kc3 Nxc2 33. f7 b4+ 34.
Kc4 Be6# 0-1

[Event "Dyfed Major"]
[Site "Fishguard"]
[Date "2017.02.24"]
[Round "1"]
[White "Bevan, Paul"]
[Black "Hammett, Scott"]
[Result "0-1"]
[WhiteElo "1251"]
[BlackElo "1443"]
[PlyCount "30"]
[EventDate "2017.02.24"]
[EventCountry "WLS"]

1. d4 f5 2. e3 Nf6 3. Bd3 e6 4. c4 d5 5. c5 c6 6. Nf3 Be7 7. Ne5 Nbd7 8. f4 O-O
9. O-O Nxe5 10. fxe5 Ng4 11. h3 Bh4 12. hxg4 Bg3 13. Rf3 Qh4 14. Kf1 Qh1+ 15.
Ke2 Qxg2+ 0-1

[Event "Dyfed Major"]
[Site "Fishguard"]
[Date "2017.02.24"]
[Round "1"]
[White "Chong, Kimberly"]
[Black "Eddershaw, John"]
[Result "1/2-1/2"]
[WhiteElo "1441"]
[BlackElo "1250"]
[PlyCount "114"]
[EventDate "2017.02.24"]
[EventCountry "WLS"]

1. d4 f5 2. Bf4 Nf6 3. Nc3 e6 4. a3 Be7 5. e3 d5 6. Nf3 Nbd7 7. Nb5 Bd6 8. Bxd6
cxd6 9. Nxd6+ Ke7 10. Ne5 Nxe5 11. Nxc8+ Rxc8 12. dxe5 Ne4 13. Bd3 Ng5 14. Qd2
Ne4 15. Bxe4 fxe4 16. Qb4+ Kf7 17. Qxb7+ Kg6 18. Qb3 Qc7 19. c3 Qxe5 20. O-O
Rb8 21. Qc2 Qf5 22. Rab1 Rhc8 23. a4 a5 24. Qd2 Qe5 25. f3 exf3 26. Qd3+ Qe4
27. Qxe4+ dxe4 28. gxf3 exf3 29. Rxf3 h6 30. e4 Rc4 31. e5 Rxa4 32. Kh1 Re4 33.
Rg1+ Kh7 34. Rf7 Rg8 35. Ra7 Rxe5 36. Ra1 Rb5 37. R7xa5 Rxb2 38. Rc1 Rgb8 39.
c4 Rb1 40. Ra1 Rxa1 41. Rxa1 Rc8 42. Rc1 Kg6 43. Kg2 Kf6 44. Kf3 Rc5 45. Ke4
Ke7 46. Kd4 Kd6 47. Ra1 e5+ 48. Kd3 e4+ 49. Kd4 e3 50. Re1 Re5 51. Rxe3 Rxe3
52. Kxe3 Kc5 53. Kf4 Kxc4 54. Kf5 Kd4 55. Kg6 Ke4 56. Kxg7 Kf4 57. Kxh6 Kg4
1/2-1/2

[Event "Dyfed Major"]
[Site "Fishguard"]
[Date "2017.02.24"]
[Round "1"]
[White "Cooke, Raymond"]
[Black "Narayan-Taylor, Robert"]
[Result "0-1"]
[WhiteElo "1340"]
[BlackElo "1476"]
[PlyCount "40"]
[EventDate "2017.02.24"]
[EventCountry "WLS"]

1. d4 Nf6 2. Nf3 g6 3. Bg5 Bg7 4. Bxf6 Bxf6 5. e4 d6 6. d5 Bxb2 7. Nbd2 Bxa1 8.
Qxa1 O-O 9. Bd3 e5 10. dxe6 Bxe6 11. Qb2 b6 12. O-O Nd7 13. Nd4 Nc5 14. Nxe6
Nxe6 15. Nf3 c5 16. c4 Nf4 17. Bc2 Qd7 18. g3 Qh3 19. Ne1 Ne2+ 20. Kh1 Qxf1#
0-1

[Event "Dyfed Major"]
[Site "Fishguard"]
[Date "2017.02.24"]
[Round "1"]
[White "White, Sam"]
[Black "Williams, Allan"]
[Result "1-0"]
[WhiteElo "1411"]
[BlackElo "1200"]
[PlyCount "75"]
[EventDate "2017.02.24"]
[EventCountry "WLS"]

1. d4 d5 2. Nf3 e6 3. Bf4 Nf6 4. h3 Be7 5. e3 O-O 6. Nbd2 b6 7. Bd3 h6 8. O-O
Bb7 9. c3 Nbd7 10. Ne5 a6 11. Nxd7 Qxd7 12. Nf3 Bd6 13. Bxd6 cxd6 14. a4 Qe7
15. Qb3 Qc7 16. Nd2 e5 17. Rfe1 e4 18. Be2 Bc8 19. Nf1 Be6 20. Ng3 g6 21. Rac1
h5 22. Qd1 Kg7 23. Kh2 Rh8 24. Bf1 g5 25. f3 h4 26. Nh1 Qe7 27. Nf2 Nh5 28. c4
exf3 29. gxf3 Ng3 30. cxd5 Bxd5 31. e4 Be6 32. Bc4 Qf6 33. Bxe6 fxe6 34. Rc7+
Kg6 35. e5 Qf4 36. Qd3+ Kh5 37. Rh7+ Rxh7 38. Qxh7# 1-0

[Event "Dyfed Major"]
[Site "Fishguard"]
[Date "2017.02.24"]
[Round "1"]
[White "O'Rourke, Kevin"]
[Black "Watkins, Peter"]
[Result "0-1"]
[WhiteElo "1107"]
[BlackElo "1390"]
[PlyCount "80"]
[EventDate "2017.02.24"]
[EventCountry "WLS"]

1. e4 d6 2. d4 Nf6 3. Nc3 Nbd7 4. Nf3 e5 5. d5 Be7 6. Bd3 Nc5 7. Bb5+ Bd7 8.
Bxd7+ Qxd7 9. Qe2 a6 10. a3 O-O 11. b3 Qg4 12. Bg5 Rfe8 13. Bxf6 Bxf6 14. b4
Nd7 15. h3 Qg6 16. O-O-O Bg5+ 17. Kb2 f5 18. h4 Be7 19. h5 Qf7 20. Nh4 Bxh4 21.
Rxh4 f4 22. f3 b5 23. Rg4 Nb6 24. Rg5 Nc4+ 25. Ka2 Qe7 26. Rg4 Ne3 27. Rg1 Nxg4
28. fxg4 Rf8 29. Qf3 a5 30. bxa5 Rxa5 31. Nb1 b4 32. Kb2 bxa3+ 33. Nxa3 Rb8+
34. Kc1 Qd7 35. Qc3 Qa4 36. Qxc7 Qxa3+ 37. Kd2 Qb4+ 38. Ke2 Qxe4+ 39. Kd2 Qe3+
40. Kd1 Qxg1+ 0-1

[Event "Dyfed Major"]
[Site "Fishguard"]
[Date "2017.02.24"]
[Round "1"]
[White "O'Brien, Sam"]
[Black "Holman, Sam"]
[Result "0-1"]
[WhiteElo "1500"]
[BlackElo "1334"]
[PlyCount "56"]
[EventDate "2017.02.24"]
[EventCountry "WLS"]

1. e4 c5 2. Nf3 d6 3. d4 cxd4 4. Nxd4 Nf6 5. Nc3 a6 6. Bg5 e6 7. f4 h6 8. Bh4
Qb6 9. Qd2 Qxb2 10. Rb1 Qa3 11. e5 dxe5 12. fxe5 Nfd7 13. Be2 Bb4 14. Rb3 Qa5
15. O-O Nc5 16. Rxb4 Qxb4 17. Nc6 Qb6 18. Qd6 Ne4+ 19. Bf2 Qxf2+ 20. Rxf2 Nxd6
21. Nxb8 Nf5 22. Nxa6 bxa6 23. Ne4 Bb7 24. Nc5 Bc8 25. g4 Ne3 26. Bf3 Rb8 27.
Bc6+ Ke7 28. Ne4 Rb1+ 0-1

[Event "Dyfed Major"]
[Site "Fishguard"]
[Date "2017.02.25"]
[Round "2"]
[White "Watkins, Peter"]
[Black "Scott, Paul"]
[Result "0-1"]
[WhiteElo "1390"]
[BlackElo "1553"]
[PlyCount "142"]
[EventDate "2017.02.24"]
[EventCountry "WLS"]

1. d4 Nf6 2. Nf3 c5 3. e3 g6 4. Nbd2 cxd4 5. exd4 Bg7 6. c3 O-O 7. Be2 d6 8.
O-O a6 9. a4 Nc6 10. Re1 Bd7 11. Bd3 Rb8 12. Ne4 Re8 13. Nxf6+ Bxf6 14. Be2 Qc7
15. Be3 Na5 16. Nd2 b5 17. axb5 axb5 18. Nb3 Nc4 19. Qc1 Be6 20. Nd2 Rec8 21.
Bf3 b4 22. d5 Nxd2 23. Bxd2 bxc3 24. Bxc3 Bf5 25. Bxf6 Qxc1 26. Rexc1 Rxc1+ 27.
Rxc1 exf6 28. Kf1 Kf8 29. Rc7 Ke8 30. Ke1 Rxb2 31. Ra7 Bd7 32. Ra8+ Ke7 33. Ra7
Kd8 34. Ra8+ Bc8 35. Ra7 Rb7 36. Rxb7 Bxb7 37. Kd2 f5 38. Ke3 Ke7 39. Kd4 Kf6
40. Bd1 g5 41. Ba4 Bc8 42. g3 f4 43. Bc2 Bf5 44. Bd1 Bg6 45. g4 Ke7 46. f3 h5
47. h3 Kd7 48. Be2 Kc7 49. Bd3 hxg4 50. hxg4 Kb6 51. Be2 Ka5 52. Kc3 Ka4 53.
Bd1+ Kb5 54. Kd4 Kb4 55. Be2 Bc2 56. Ba6 Bd1 57. Ke4 Bc2+ 58. Kd4 f5 59. gxf5
Bxf5 60. Be2 Bc2 61. Bf1 Bd1 62. Ke4 Kc5 63. Kf5 Kxd5 64. Kxg5 Ke5 65. Kg4 d5
66. Ba6 d4 67. Bd3 Ba4 68. Kg5 Bd7 69. Be4 Bb5 70. Bc2 d3 71. Bd1 d2 0-1

[Event "Dyfed Major"]
[Site "Fishguard"]
[Date "2017.02.25"]
[Round "2"]
[White "Williams, Allan"]
[Black "Farhaili, Mohammed"]
[Result "1-0"]
[WhiteElo "1200"]
[BlackElo "1275"]
[PlyCount "103"]
[EventDate "2017.02.24"]
[EventCountry "WLS"]

1. d4 Nf6 2. e3 d5 3. c4 c6 4. Bd3 e6 5. Ne2 c5 6. O-O Nc6 7. cxd5 Nxd5 8. a3
Qf6 9. e4 Nc7 10. Bf4 e5 11. dxe5 Nxe5 12. Bxe5 Qxe5 13. Nbc3 Bd7 14. f4 Qf6
15. e5 Qb6 16. Kh1 Be7 17. Qc2 g6 18. Ng3 f5 19. exf6 Bxf6 20. Rae1+ Kf7 21. f5
g5 22. Bc4+ Kf8 23. Nge4 Kg7 24. Nd5 Nxd5 25. Bxd5 Rac8 26. Nxf6 Qxf6 27. Bxb7
Rb8 28. Bd5 Rhc8 29. b3 Bb5 30. Re6 Bxf1 31. Rxf6 Kxf6 32. Qc3+ Kxf5 33. Qf3+
Ke5 34. Qe4+ Kd6 35. Qe6+ Kc7 36. Qc6+ Kd8 37. Qd6+ Ke8 38. Bc6+ Rxc6 39. Qxc6+
Kd8 40. Qd6+ Kc8 41. Qf8+ Kb7 42. Qxf1 Kb6 43. Qf6+ Ka5 44. Qc3+ Kb6 45. b4 Kc6
46. Qxc5+ Kb7 47. Qxg5 Ka8 48. Qd5+ Rb7 49. Qg8+ Rb8 50. Qxh7 Re8 51. Qb1 Re3
52. Qc1 1-0

[Event "Dyfed Major"]
[Site "Fishguard"]
[Date "2017.02.25"]
[Round "2"]
[White "Narayan-Taylor, Robert"]
[Black "Jones, Hefin"]
[Result "1/2-1/2"]
[WhiteElo "1476"]
[BlackElo "1269"]
[PlyCount "107"]
[EventDate "2017.02.24"]
[EventCountry "WLS"]

1. c4 e5 2. Nc3 Nc6 3. g3 Bc5 4. Bg2 Nd4 5. e3 Ne6 6. Nge2 Nf6 7. a3 Ng5 8. b4
Bf8 9. Bb2 c6 10. O-O d6 11. f4 Ne6 12. f5 Nc7 13. e4 b5 14. cxb5 Nxb5 15. Nxb5
cxb5 16. d4 Bb7 17. Qd3 d5 18. Qxb5+ Qd7 19. Qxd7+ Kxd7 20. dxe5 Nxe4 21. Bxe4
dxe4 22. Rfd1+ Ke8 23. Nc3 a5 24. Nd5 Bxd5 25. Rxd5 axb4 26. a4 b3 27. a5 Ra6
28. Rad1 Be7 29. Ba3 Ra7 30. Bxe7 Kxe7 31. Rb5 Rc8 32. Rb1 Rc3 33. Kf2 Kd7 34.
Rd5+ Kc6 35. Rd8 Kc7 36. Rf8 Rxa5 37. Rxf7+ Kc6 38. Kg2 Rxe5 39. Rxg7 Rc2+ 40.
Kh3 b2 41. Rg8 Kb7 42. Rg7+ Kc6 43. Rg8 Rec5 44. Rc8+ Kd6 45. Rb8 Rxf5 46.
R1xb2 Rxb2 47. Rxb2 Ke5 48. Rb5+ Ke6 49. Rb6+ Kf7 50. Rb4 Re5 51. Kg2 Kf6 52.
Kf2 Kf5 53. h3 h5 54. Ke3 1/2-1/2

[Event "Dyfed Major"]
[Site "Fishguard"]
[Date "2017.02.25"]
[Round "2"]
[White "Neave, Guto"]
[Black "White, Sam"]
[Result "1/2-1/2"]
[WhiteElo "1515"]
[BlackElo "1411"]
[PlyCount "92"]
[EventDate "2017.02.24"]
[EventCountry "WLS"]

1. e4 c6 2. d4 d5 3. e5 Bf5 4. Bd3 Bxd3 5. Qxd3 e6 6. c3 Qb6 7. Qc2 Nd7 8. Be3
Ne7 9. f4 Nf5 10. Bf2 Be7 11. Nf3 Qa6 12. Nbd2 c5 13. Nf1 cxd4 14. Nxd4 Nxd4
15. Bxd4 O-O 16. Ng3 Bc5 17. Qe2 Qb6 18. Qf2 Bxd4 19. cxd4 Qb4+ 20. Qd2 Qxd2+
21. Kxd2 Rac8 22. Rac1 Nb6 23. b3 g6 24. Ne2 Rxc1 25. Rxc1 Rc8 26. Rxc8+ Nxc8
27. Nc3 a6 28. a4 Ne7 29. Na2 Nf5 30. Kd3 Kf8 31. g3 Ke8 32. Nc3 Kd7 33. a5 Ne7
34. b4 Nc6 35. Na2 Kc7 36. Kc3 b6 37. axb6+ Kxb6 38. Nc1 Kb5 39. Nd3 a5 40.
bxa5 Nxa5 41. Nb2 Nc6 42. Nd3 Ne7 43. g4 h6 44. Nc5 Kc6 45. Nd3 Kd7 46. Nc5+
Kc6 1/2-1/2

[Event "Dyfed Major"]
[Site "Fishguard"]
[Date "2017.02.25"]
[Round "2"]
[White "Hammett, Scott"]
[Black "Holman, Sam"]
[Result "1-0"]
[WhiteElo "1443"]
[BlackElo "1334"]
[PlyCount "31"]
[EventDate "2017.02.24"]
[EventCountry "WLS"]

1. f4 Nf6 2. b3 d5 3. Nf3 c5 4. Bb2 Nc6 5. e3 e6 6. Bb5 a6 7. Bxc6+ bxc6 8. O-O
Bd6 9. Nc3 O-O 10. Ne2 Bb7 11. Ng3 Re8 12. Qe1 Qc7 13. Bxf6 gxf6 14. Nh5 Kh8
15. Qh4 Rg8 16. Qxf6+ 1-0

[Event "Dyfed Major"]
[Site "Fishguard"]
[Date "2017.02.25"]
[Round "2"]
[White "Eddershaw, John"]
[Black "Evans, Gwyn"]
[Result "0-1"]
[WhiteElo "1250"]
[BlackElo "1436"]
[PlyCount "76"]
[EventDate "2017.02.24"]
[EventCountry "WLS"]

1. d4 d5 2. Nf3 e6 3. e3 Bd6 4. Bd3 Nc6 5. a3 a5 6. O-O f5 7. b3 Nf6 8. Nbd2
O-O 9. Bb2 Bd7 10. c4 b6 11. cxd5 Nxd5 12. Re1 Be8 13. Bb5 Na7 14. Bxe8 Qxe8
15. Ne5 Nc6 16. f4 Nxe5 17. dxe5 Bc5 18. Bd4 Be7 19. g3 Rd8 20. Qc2 c5 21. e4
Nxf4 22. gxf4 Qg6+ 23. Kh1 Rxd4 24. Rg1 Qh6 25. Raf1 fxe4 26. Nxe4 Rxf4 27.
Rxf4 Qxf4 28. Qg2 Qxe5 29. Ng3 Qd5 30. Ne4 g6 31. Re1 Bh4 32. Qe2 Bxe1 33. Qxe1
Qxe4+ 34. Qxe4 Rxe4 35. Kg2 Rf4 36. Kg3 Rf5 37. h4 h5 38. Kh3 e5 0-1

[Event "Dyfed Major"]
[Site "Fishguard"]
[Date "2017.02.25"]
[Round "2"]
[White "Baron, Margaret"]
[Black "Chong, Kimberly"]
[Result "0-1"]
[WhiteElo "850"]
[BlackElo "1441"]
[PlyCount "62"]
[EventDate "2017.02.24"]
[EventCountry "WLS"]

1. d4 d5 2. Nf3 Nc6 3. e3 e6 4. c4 Nf6 5. Nc3 Be7 6. g3 O-O 7. Bg2 Na5 8. O-O
Nxc4 9. Qe2 c5 10. b3 Nb6 11. Bh3 Re8 12. Re1 cxd4 13. exd4 Bb4 14. Bb2 Ne4 15.
Rac1 e5 16. a3 Bxc3 17. Bxc3 Bxh3 18. Nxe5 Nxc3 19. Rxc3 f6 20. Qd2 fxe5 21.
dxe5 d4 22. Rc5 Rc8 23. Ra5 d3 24. f4 Rc2 25. Qe3 d2 26. Rd1 Bg4 27. Rf1 d1=Q
28. h3 Qxf1+ 29. Kxf1 Qd1+ 30. Qe1 Bxh3+ 31. Kg1 Qxe1# 0-1

[Event "Dyfed Major"]
[Site "Fishguard"]
[Date "2017.02.25"]
[Round "2"]
[White "Bevan, Paul"]
[Black "Taylor, Paul"]
[Result "1-0"]
[WhiteElo "1251"]
[BlackElo "1511"]
[PlyCount "59"]
[EventDate "2017.02.24"]
[EventCountry "WLS"]

1. d4 Nf6 2. e3 d5 3. Bd3 Bg4 4. Nf3 g6 5. h3 Bd7 6. Ne5 Bg7 7. O-O O-O 8. f4
e6 9. Qf3 a6 10. Nc3 b5 11. a3 Ne8 12. Bd2 f5 13. Ne2 Nf6 14. Bb4 Re8 15. c4 c6
16. cxb5 cxb5 17. Rac1 Ne4 18. Rc2 Bf8 19. Bxf8 Rxf8 20. Rfc1 Ra7 21. Bxe4 fxe4
22. Qg3 Kg7 23. h4 Kh8 24. Kf1 Rf5 25. Ng1 Kg7 26. Nh3 a5 27. Ng5 Rf6 28. h5 b4
29. h6+ Kg8 30. Nxd7 1-0

[Event "Dyfed Major"]
[Site "Fishguard"]
[Date "2017.02.25"]
[Round "2"]
[White "Osinga, Awne"]
[Black "Cooke, Raymond"]
[Result "1-0"]
[WhiteElo "1386"]
[BlackElo "1340"]
[PlyCount "93"]
[EventDate "2017.02.24"]
[EventCountry "WLS"]

1. e4 e5 2. Nf3 Nc6 3. Be2 Bc5 4. O-O d6 5. Nc3 f5 6. exf5 Bxf5 7. d3 Nd4 8.
Nxd4 Bxd4 9. Be3 Nf6 10. Bf3 c6 11. Bxd4 exd4 12. Re1+ Kf7 13. Ne2 Qb6 14. b3
Rhe8 15. Ng3 Rxe1+ 16. Qxe1 Bg4 17. Bxg4 Nxg4 18. Nf5 Qc7 19. Qe2 Nf6 20. Qf3
Qd7 21. Qf4 Rd8 22. Nxd4 Kg8 23. Re1 Rf8 24. Qg5 Re8 25. Rxe8+ Qxe8 26. Qd2 Qe5
27. Qe3 Qh5 28. Qf3 Qc5 29. Qe3 Qc3 30. Qe6+ Kh8 31. Nf3 Qa1+ 32. Ne1 Qxa2 33.
Qc8+ Ng8 34. Qxb7 Qa1 35. Kf1 c5 36. Qc7 Qa6 37. g3 h6 38. f4 Nf6 39. h3 Kh7
40. g4 Nd5 41. Qf7 Qc6 42. Qf5+ Kh8 43. Qf8+ Kh7 44. Kf2 a5 45. g5 hxg5 46.
fxg5 Qb6 47. Qf5+ 1-0

[Event "Dyfed Major"]
[Site "Fishguard"]
[Date "2017.02.25"]
[Round "3"]
[White "Scott, Paul"]
[Black "Hammett, Scott"]
[Result "1-0"]
[WhiteElo "1553"]
[BlackElo "1443"]
[PlyCount "67"]
[EventDate "2017.02.24"]
[EventCountry "WLS"]

1. e4 e5 2. Nc3 f5 3. exf5 Nf6 4. d4 exd4 5. Qxd4 Nc6 6. Qe3+ Qe7 7. Bc4 Qxe3+
8. Bxe3 Bb4 9. Nge2 d5 10. Bd3 Ne5 11. Ng3 Nxd3+ 12. cxd3 O-O 13. O-O Bxc3 14.
bxc3 b6 15. Rfe1 Ng4 16. Bf4 c5 17. h3 Nf6 18. Bd6 Rf7 19. Re7 Rxe7 20. Bxe7
Ba6 21. Bxf6 gxf6 22. Re1 Bxd3 23. Re7 Bc4 24. a3 Bb5 25. Nh5 d4 26. cxd4 cxd4
27. Nxf6+ Kf8 28. Rxh7 d3 29. Rh8+ Ke7 30. Rxa8 d2 31. Nd5+ Kd7 32. Ne3 Be2 33.
f6 d1=Q+ 34. Nxd1 1-0

[Event "Dyfed Major"]
[Site "Fishguard"]
[Date "2017.02.25"]
[Round "3"]
[White "Evans, Gwyn"]
[Black "Narayan-Taylor, Robert"]
[Result "0-1"]
[WhiteElo "1436"]
[BlackElo "1476"]
[PlyCount "60"]
[EventDate "2017.02.24"]
[EventCountry "WLS"]

1. c4 Nf6 2. Nf3 g6 3. g3 Bg7 4. Bg2 O-O 5. Nc3 Re8 6. O-O e6 7. d3 d5 8. cxd5
Nxd5 9. Nxd5 exd5 10. Bf4 Bxb2 11. Rb1 Bg7 12. Re1 c6 13. Qb3 Na6 14. d4 Nc7
15. Qc2 Nb5 16. e3 Na3 17. Qe2 Nxb1 18. Rxb1 h6 19. Qd3 Bf5 20. Qb3 Bxb1 21.
Qxb1 b6 22. h4 a5 23. Bf1 b5 24. Bd3 Re6 25. h5 g5 26. Be5 f6 27. Bh7+ Kh8 28.
Qf5 Qe7 29. g4 fxe5 30. dxe5 Rf8 0-1

[Event "Dyfed Major"]
[Site "Fishguard"]
[Date "2017.02.25"]
[Round "3"]
[White "Chong, Kimberly"]
[Black "White, Sam"]
[Result "0-1"]
[WhiteElo "1441"]
[BlackElo "1411"]
[PlyCount "82"]
[EventDate "2017.02.24"]
[EventCountry "WLS"]

1. d4 Nf6 2. Bf4 d5 3. Nc3 Bf5 4. e3 c6 5. Bd3 Ne4 6. Nxe4 dxe4 7. Bc4 Nd7 8.
g4 Bg6 9. h4 h5 10. g5 Nb6 11. Bb3 Bf5 12. f3 Nd5 13. Qd2 e6 14. Bxd5 exd5 15.
fxe4 Bxe4 16. Rh2 Bd6 17. Rf2 O-O 18. Ne2 a5 19. Ng3 g6 20. Nxe4 dxe4 21. Bxd6
Qxd6 22. Rf4 Qd5 23. Qc3 Rae8 24. Qb3 Re7 25. Qxd5 cxd5 26. Rf6 Re6 27. Rxe6
fxe6 28. Ke2 Rf3 29. Rf1 Rf5 30. Rxf5 exf5 31. b3 b5 32. c4 bxc4 33. bxc4 dxc4
34. Kd2 Kf7 35. Kc3 Ke6 36. Kxc4 Kd6 37. a4 Ke6 38. Kc5 Kd7 39. d5 f4 40. exf4
e3 41. f5 e2 0-1

[Event "Dyfed Major"]
[Site "Fishguard"]
[Date "2017.02.25"]
[Round "3"]
[White "Watkins, Peter"]
[Black "Bevan, Paul"]
[Result "1/2-1/2"]
[WhiteElo "1390"]
[BlackElo "1251"]
[PlyCount "94"]
[EventDate "2017.02.24"]
[EventCountry "WLS"]

1. d4 f5 2. Nf3 Nf6 3. e3 e6 4. Nbd2 d5 5. Be2 Bd6 6. c4 c6 7. O-O O-O 8. Ne5
Nbd7 9. Ndf3 Qc7 10. Nxd7 Bxd7 11. g3 Ne4 12. c5 Be7 13. Ne5 Bc8 14. f4 Bf6 15.
Bd2 Bxe5 16. dxe5 Nxc5 17. Bb4 b6 18. Rc1 Qb7 19. b3 Rd8 20. Bxc5 bxc5 21. Rxc5
Qb6 22. Qd4 Bb7 23. Rfc1 Qc7 24. Bb5 Rdc8 25. Kf2 Qd7 26. Be2 Qe7 27. b4 g5 28.
fxg5 Qxg5 29. Qf4 Qxf4+ 30. gxf4 Kh8 31. Rg1 Rg8 32. Rcc1 a5 33. Rxg8+ Kxg8 34.
Rg1+ Kh8 35. b5 c5 36. a4 c4 37. Ke1 c3 38. Kd1 Rc8 39. Kc1 d4 40. exd4 Be4 41.
Rg3 c2 42. Bd3 Bxd3 43. Rxd3 Rc4 44. Rd2 Rxa4 45. Kxc2 Rb4 46. Kc3 Rxb5 47. Ra2
Rd5 1/2-1/2

[Event "Dyfed Major"]
[Site "Fishguard"]
[Date "2017.02.25"]
[Round "3"]
[White "Osinga, Awne"]
[Black "O'Brien, Sam"]
[Result "0-1"]
[WhiteElo "1386"]
[BlackElo "1500"]
[PlyCount "120"]
[EventDate "2017.02.24"]
[EventCountry "WLS"]

1. e4 e5 2. Nf3 Nc6 3. Be2 Nf6 4. d3 h6 5. O-O Bc5 6. a3 a5 7. Nbd2 d6 8. Nc4
Be6 9. Be3 Bxe3 10. Nxe3 b5 11. c3 Rb8 12. Qc2 O-O 13. d4 exd4 14. cxd4 Ne7 15.
Rfd1 Qd7 16. e5 Nfd5 17. Qe4 Rfc8 18. Bd3 Qe8 19. Nh4 g6 20. Qf3 dxe5 21. dxe5
g5 22. Nhf5 Nf4 23. Nxh6+ Kf8 24. Nhg4 Nxd3 25. Rxd3 Ng6 26. Qg3 Nf4 27. Rd2
Rd8 28. Rxd8 Ne2+ 29. Kf1 Nxg3+ 30. hxg3 Rxd8 31. Nf6 Qe7 32. Nh7+ Kg8 33. Nf6+
Kg7 34. Ke2 Qc5 35. f4 gxf4 36. gxf4 Kg6 37. Ne4 Qc6 38. Ng3 Rh8 39. f5+ Bxf5
40. Ngxf5 Qe4 41. Ne7+ Kg5 42. Rf1 Rh2 43. Rf5+ Kh6 44. Rf6+ Kg7 45. Rf2 Qxe5
46. N7f5+ Kg6 47. Kd3 Rh8 48. Kc2 Qc5+ 49. Kd2 Rd8+ 50. Ke2 b4 51. Nh4+ Kg7 52.
a4 Qh5+ 53. Nf3 Re8 54. g4 Qc5 55. Nh4 Qxe3+ 56. Kf1 Qe1+ 57. Kg2 Re2 58. Nf5+
Kh7 59. Rxe2 Qxe2+ 60. Kg3 Qxb2 0-1

[Event "Dyfed Major"]
[Site "Fishguard"]
[Date "2017.02.25"]
[Round "3"]
[White "Holman, Sam"]
[Black "Williams, Allan"]
[Result "0-1"]
[WhiteElo "1334"]
[BlackElo "1200"]
[PlyCount "64"]
[EventDate "2017.02.24"]
[EventCountry "WLS"]

1. e4 c5 2. Nf3 e6 3. d4 cxd4 4. Nxd4 Nc6 5. b3 e5 6. Nf5 Nf6 7. Ba3 Bxa3 8.
Nxa3 O-O 9. Nc4 Nxe4 10. Qg4 Qf6 11. Qxe4 d5 12. Qxd5 Bxf5 13. Bd3 e4 14. O-O
exd3 15. Ne3 Be6 16. Qxd3 Rfd8 17. Qb5 Qe7 18. a4 Rac8 19. a5 a6 20. Qh5 Qb4
21. Ra4 Qc3 22. Rh4 h6 23. Ra4 Nd4 24. g4 Nf3+ 25. Kg2 Ng5 26. h4 Qc6+ 27. f3
Rd2+ 28. Kg3 Qd6+ 29. f4 Rc3 30. hxg5 Rxe3+ 31. Rf3 Rxf3+ 32. Kxf3 Qc6+ 0-1

[Event "Dyfed Major"]
[Site "Fishguard"]
[Date "2017.02.25"]
[Round "3"]
[White "Farhaili, Mohammed"]
[Black "Cooke, Raymond"]
[Result "1-0"]
[WhiteElo "1275"]
[BlackElo "1340"]
[PlyCount "53"]
[EventDate "2017.02.24"]
[EventCountry "WLS"]

1. d4 Nf6 2. c4 e6 3. Nc3 Bb4 4. Qc2 d5 5. Bg5 Nbd7 6. Nf3 dxc4 7. e3 b5 8. a4
Bxc3+ 9. bxc3 c6 10. Be2 h6 11. Bh4 g5 12. Bg3 Bb7 13. Ne5 c5 14. f3 cxd4 15.
cxd4 a6 16. O-O h5 17. h3 Qb6 18. Nxd7 Nxd7 19. f4 gxf4 20. Rxf4 e5 21. Rh4 Rg8
22. Kh2 Nf6 23. Rf1 Ne4 24. Rxe4 Rxg3 25. Rxe5+ Kd7 26. Rxf7+ Kd6 27. Rf6+ 1-0

[Event "Dyfed Major"]
[Site "Fishguard"]
[Date "2017.02.25"]
[Round "3"]
[White "Taylor, Paul"]
[Black "Baron, Margaret"]
[Result "1-0"]
[WhiteElo "1511"]
[BlackElo "850"]
[PlyCount "35"]
[EventDate "2017.02.24"]
[EventCountry "WLS"]

1. e4 e6 2. Nc3 d5 3. d4 g6 4. Nf3 Nf6 5. Bg5 h6 6. Bh4 c5 7. e5 Bg7 8. exf6
Bxf6 9. Bxf6 Qxf6 10. Nb5 a6 11. Nc7+ Kd8 12. Nxa8 e5 13. dxc5 Nd7 14. Qxd5 b6
15. Nxb6 e4 16. O-O-O exf3 17. Nxd7 Bxd7 18. Qxd7# 1-0

[Event "Dyfed Major"]
[Site "Fishguard"]
[Date "2017.02.26"]
[Round "4"]
[White "Narayan-Taylor, Robert"]
[Black "Scott, Paul"]
[Result "1/2-1/2"]
[WhiteElo "1476"]
[BlackElo "1553"]
[PlyCount "90"]
[EventDate "2017.02.24"]
[EventCountry "WLS"]

1. a4 g6 2. c3 Bg7 3. b4 a5 4. Ba3 d6 5. e4 e5 6. Nf3 Nf6 7. d3 Bd7 8. Nbd2 b5
9. axb5 axb4 10. Bxb4 Rxa1 11. Qxa1 Bxb5 12. c4 Bd7 13. Nb3 c5 14. Bc3 Nc6 15.
Be2 O-O 16. O-O Qc7 17. h3 Rb8 18. Rb1 Qc8 19. Nbd2 Ra8 20. Qb2 Rb8 21. Qc1 Bh6
22. Rxb8 Qxb8 23. g4 Bf4 24. Nh2 h5 25. f3 Kg7 26. Qc2 Qh8 27. Kg2 hxg4 28.
fxg4 Qh4 29. Nhf1 Nd4 30. Bxd4 exd4 31. Nf3 Qh6 32. N3h2 Nh7 33. Nf3 Nf6 34.
N3h2 Be5 35. Qd1 Qf4 36. Nf3 Qh6 37. Nxe5 dxe5 38. Qe1 Qh8 39. Qg3 Qb8 40. Qf3
Qb2 41. Ng3 Be6 42. g5 Nd7 43. h4 Qc1 44. Nf1 Qe1 45. Ng3 Qc1 1/2-1/2

[Event "Dyfed Major"]
[Site "Fishguard"]
[Date "2017.02.26"]
[Round "4"]
[White "White, Sam"]
[Black "Jones, Hefin"]
[Result "1-0"]
[WhiteElo "1411"]
[BlackElo "1269"]
[PlyCount "53"]
[EventDate "2017.02.24"]
[EventCountry "WLS"]

1. d4 Nf6 2. Nf3 d5 3. Bf4 e6 4. c3 Bd7 5. Nbd2 Bb5 6. e3 Bxf1 7. Nxf1 Bd6 8.
Qa4+ c6 9. Bxd6 Qxd6 10. Qb3 b5 11. N1d2 Nbd7 12. Qc2 a5 13. O-O a4 14. e4 e5
15. dxe5 Nxe5 16. Nxe5 Qxe5 17. exd5 Qxd5 18. Rfe1+ Kf8 19. Nf3 h5 20. Rad1
Qxa2 21. Ne5 c5 22. Nd7+ Nxd7 23. Rxd7 a3 24. Qe4 axb2 25. Qb7 b1=Q 26. Rxf7+
Qxf7 27. Qxa8+ 1-0